Pasarela 1: unidades didácticas globalizadas 1er ciclo educación primaria
Tallennettuna:
| Päätekijät: | , , , , , , , |
|---|---|
| Muut tekijät: | , , , |
| Aineistotyyppi: | Kirja |
| Kieli: | espanja |
| Julkaistu: |
Madrid
Bruño
1997
|
| Aiheet: | |
| Tagit: |
Lisää tagi
Ei tageja, Lisää ensimmäinen tagi!
|
MARC
| LEADER | 00000nam a2200000 a 4500 | ||
|---|---|---|---|
| 001 | UCP4701 | ||
| 003 | CL-VaPUC | ||
| 008 | 990813e19970000SP |||||||||||||||||spa|d | ||
| 082 | 0 | 4 | |a 372.357 |b BAT |2 21 |
| 100 | 0 | |a Batllori Obiols, Roser |e author |9 432406 | |
| 700 | |a Castellanos Ortiz, Delicia |e author |9 433516 | ||
| 700 | 0 | |a Franch Batlle, Joan María |e author |9 432408 | |
| 700 | |a Giménez López, Gloria |e author |9 433547 | ||
| 700 | |a González Hernández, José |e author |9 433555 | ||
| 700 | 0 | |a Marín-Baldo Arenas, Luisa |e author |9 432411 | |
| 700 | |a Martínez Cerón, Ginés |e autor |9 433554 | ||
| 700 | |a Miñano Sánchez, Antonio |e autor |9 433506 | ||
| 700 | |a Pagès Blanch, Joan |e autor |9 465952 | ||
| 700 | |a Martínez Soto, Angel Pascual |e autor |9 433505 | ||
| 700 | 0 | |a Ródenas Martínez, José A |e author |9 432416 | |
| 700 | 0 | |a Zayas Ciruelos, José A |e author |9 432417 | |
| 245 | 1 | 0 | |a Pasarela 1: unidades didácticas globalizadas 1er ciclo educación primaria |
| 300 | |a v | ||
| 942 | |c BK | ||
| 945 | |d 19990813 00:00:00 |a rbrito | ||
| 260 | |a Madrid |b Bruño |c 1997 | ||
| 650 | 0 | |a Educación básica |9 224933 | |
| 650 | 0 | |a Medio ambiente |9 257625 | |
| 650 | 0 | |a Currículo |9 307290 | |
| 650 | 0 | |a Métodos de enseñanza |9 270413 | |
| 650 | 0 | |a Matemáticas |x Enseñanza |9 875527 | |
| 650 | 0 | |a Enseñanza del lenguaje |9 373325 | |
| 583 | |a last modification |c 20140102 04:35:53 |k Rodrigo Vera | ||
| 999 | |c 282603 |d 282601 | ||
| 952 | |0 0 |1 0 |4 0 |6 372_357000000000000_BAT_1997 |7 0 |8 A |9 324626 |a BIBEDU |b BIBEDU |d 2019-11-20 |h v.3 |i 3540545 |o 372.357 BAT 1997 |p 3540545 |r 2019-11-20 |w 2019-11-20 |y BK |k BME | ||